[Event "2. Bundesliga West 2018/19"]
[Site "Hotel Servus Europa"]
[Date "2019.03.08"]
[Round "9"]
[Board "5"]
[White "De Francesco, Klaus"]
[Black "Prediger, Rupert"]
[Result "1-0"]
[WhiteElo "2288"]
[BlackElo "2245"]
[PlyCount "75"]
[EventDate "2018.10.12"]
[EventType "team"]
[EventRounds "11"]
[EventCountry "AUT"]
[WhiteTeam "Absam"]
[BlackTeam "Kufstein/Woergl"]

1. d4 c5 2. e3 Nf6 3. Nf3 b6 4. d5 g6 5. c4 Bg7 6. Nc3 d6 7. Be2 O-O 8. O-O e6
9. h3 exd5 10. cxd5 Ba6 11. Bxa6 Nxa6 12. e4 Nc7 13. a4 a6 14. Bf4 Re8 15. Re1
b5 16. axb5 Nxb5 17. Qd3 Qd7 18. Na4 Qb7 19. Nd2 Nd7 20. Nc4 Ne5 21. Bxe5 Bxe5
22. Nxe5 Rxe5 23. f4 Re7 24. e5 Rae8 25. Kh1 Nd4 26. Nc3 Kg7 27. Ne4 Qxd5 28.
Nf6 Qb7 29. Nxe8+ Rxe8 30. exd6 Rd8 31. Qxa6 Qxb2 32. Rab1 Qc2 33. Qb6 Ne6 34.
Rbc1 Qd2 35. Rcd1 Qc2 36. d7 Nxf4 37. Rg1 Ne6 38. Rd6  1-0

[Event "2. Bundesliga West 2018/19"]
[Site "Hotel Servus Europa"]
[Date "2019.03.08"]
[Round "9"]
[Board "6"]
[White "Kranewitter, Norbert"]
[Black "Gerhold, Michael"]
[Result "0-1"]
[WhiteElo "2008"]
[BlackElo "2222"]
[PlyCount "66"]
[EventDate "2018.10.12"]
[EventType "team"]
[EventRounds "11"]
[EventCountry "AUT"]
[WhiteTeam "Kufstein/Woergl"]
[BlackTeam "Absam"]

1. e4 c5 2. Nc3 e6 3. f4 d5 4. Nf3 dxe4 5. Nxe4 Nc6 6. Bb5 Bd7 7. O-O Be7 8. b3
Nf6 9. Nf2 Nd5 10. Nd3 Bf6 11. Rb1 O-O 12. c4 Ncb4 13. Nxb4 Nxb4 14. Bxd7 Qxd7
15. a3 Nd3 16. g3 Rfd8 17. Qe2 Rac8 18. Rd1 Rc6 19. Ne1 Rd6 20. Nxd3 Rxd3 21.
Qe4 b6 22. b4 Qa4 23. Re1 Qc2 24. f5 Qxb1 25. fxe6 fxe6 26. Qxe6+ Kf8 27. Rf1
R3d6 28. Qg4 Kg8 29. d3 Qxd3 30. Bf4 Bd4+ 31. Kg2 Rg6 32. Qh5 Qxc4 33. Qf3 Qd5
 0-1

[Event "2. Bundesliga West 2018/19"]
[Site "Hotel Servus Europa"]
[Date "2019.03.08"]
[Round "9"]
[Board "1"]
[White "Hertneck, Gerald"]
[Black "Repka, Christopher"]
[Result "1-0"]
[WhiteElo "2487"]
[BlackElo "2523"]
[PlyCount "61"]
[EventDate "2018.10.12"]
[EventType "team"]
[EventRounds "11"]
[EventCountry "AUT"]
[WhiteTeam "Sparkasse Neumarkt"]
[BlackTeam "Bregenz"]

1. d4 Nf6 2. Nf3 e6 3. c4 b6 4. g3 Bb4+ 5. Bd2 c5 6. Bxb4 cxb4 7. Bg2 Bb7 8. a3
bxa3 9. Nxa3 O-O 10. O-O d6 11. b4 Nc6 12. Qd2 Ne4 13. Qb2 f5 14. Nd2 Qf6 15.
Nxe4 fxe4 16. e3 d5 17. Qb3 Qe7 18. cxd5 Nxb4 19. d6 Qxd6 20. Nb5 Qe7 21. Rxa7
Rxa7 22. Nxa7 Ba6 23. Ra1 Bd3 24. Bh3 Nd5 25. Nc6 Qf6 26. f4 Kh8 27. Ne5 Nxe3
28. Qxb6 g5 29. Qb7 Nf5 30. Bxf5 Qxf5 31. Ra7  1-0

[Event "2. Bundesliga West 2018/19"]
[Site "Hotel Servus Europa"]
[Date "2019.03.08"]
[Round "9"]
[Board "2"]
[White "Nayhebaver, Martin"]
[Black "Barseghyan, Harutyun"]
[Result "0-1"]
[WhiteElo "2466"]
[BlackElo "2466"]
[PlyCount "110"]
[EventDate "2018.10.12"]
[EventType "team"]
[EventRounds "11"]
[EventCountry "AUT"]
[WhiteTeam "Bregenz"]
[BlackTeam "Sparkasse Neumarkt"]

1. e4 e5 2. Nf3 Nc6 3. Bb5 a6 4. Ba4 Nf6 5. O-O Be7 6. Re1 b5 7. Bb3 d6 8. c3
O-O 9. h3 Nb8 10. d4 Nbd7 11. c4 Bb7 12. Nc3 c6 13. a3 Qb8 14. Ba2 Nb6 15. c5
dxc5 16. dxe5 Ne8 17. Bf4 Bc8 18. Qd2 Be6 19. Nd5 cxd5 20. exd5 Bf5 21. g4 Bg6
22. d6 Bd8 23. e6 fxe6 24. Bxe6+ Kh8 25. Ne5 Nf6 26. Nxg6+ hxg6 27. Qc2 Nh7 28.
Bg3 Bf6 29. d7 Qb7 30. Qxg6 Bd4 31. Re4 Nxd7 32. g5 Rf3 33. Rxd4 cxd4 34. Qh5
Ndf8 35. g6 Rd8 36. Bg4 Rxg3+ 37. fxg3 Rd5 38. Bf5 Qc7 39. gxh7 g6 40. Qg4 Rxf5
41. Qxd4+ Kxh7 42. Qe3 Qc5 43. Re1 Ne6 44. Kg2 Qxe3 45. Rxe3 Rf6 46. Re5 Kg7
47. Rd5 Rf8 48. Rd6 Nc5 49. b4 Ne4 50. Rxa6 Rf2+ 51. Kg1 Rf3 52. a4 bxa4 53.
Rxa4 Rxg3+ 54. Kh2 Rb3 55. h4 Kh6  0-1

[Event "2. Bundesliga West 2018/19"]
[Site "Hotel Servus Europa"]
[Date "2019.03.08"]
[Round "9"]
[Board "3"]
[White "De Visser, Leon"]
[Black "Sergeev, Vladimir"]
[Result "1/2-1/2"]
[WhiteElo "2243"]
[BlackElo "2412"]
[PlyCount "65"]
[EventDate "2018.10.12"]
[EventType "team"]
[EventRounds "11"]
[EventCountry "AUT"]
[WhiteTeam "Sparkasse Neumarkt"]
[BlackTeam "Bregenz"]

1. c4 Nf6 2. g3 c6 3. Bg2 d5 4. Nf3 g6 5. b3 Bg7 6. Bb2 O-O 7. O-O Bg4 8. d3
Re8 9. Nbd2 Nbd7 10. Ne5 Nxe5 11. Bxe5 Qd7 12. Nf3 Qf5 13. Bb2 e5 14. cxd5 cxd5
15. Rc1 e4 16. Nd4 Qd7 17. Qd2 Bh3 18. Nc2 Rad8 19. Bd4 exd3 20. Qxd3 Bf5 21.
Qd1 a6 22. Ne3 Be4 23. Qd2 Bxg2 24. Kxg2 Ne4 25. Qb2 Bh6 26. Rcd1 Qe6 27. f4
Nd6 28. Rf3 Rd7 29. Be5 Ne4 30. Bd4 Nd6 31. Be5 Ne4 32. Bd4 Nd6 33. Be5  1/2-1/2

[Event "2. Bundesliga West 2018/19"]
[Site "Hotel Servus Europa"]
[Date "2019.03.08"]
[Round "9"]
[Board "4"]
[White "Dobosz, Henryk"]
[Black "Wuppinger, Manfred"]
[Result "1-0"]
[WhiteElo "2399"]
[BlackElo "2036"]
[PlyCount "43"]
[EventDate "2018.10.12"]
[EventType "team"]
[EventRounds "11"]
[EventCountry "AUT"]
[WhiteTeam "Bregenz"]
[BlackTeam "Sparkasse Neumarkt"]

1. d4 Nf6 2. Nf3 d6 3. c4 g6 4. Nc3 Bg7 5. e4 O-O 6. h3 Nbd7 7. Bg5 h6 8. Be3
c5 9. d5 b6 10. Qd2 Kh7 11. g4 Ne5 12. Nxe5 dxe5 13. O-O-O a6 14. Kb1 Nd7 15.
Be2 Qc7 16. d6 exd6 17. Qxd6 Ra7 18. Qxc7 Rxc7 19. Rd6 Rb7 20. Nd5 Re8 21. Rd1
Re6 22. Rxe6  1-0

[Event "2. Bundesliga West 2018/19"]
[Site "Hotel Servus Europa"]
[Date "2019.03.08"]
[Round "9"]
[Board "5"]
[White "Egger, Martin"]
[Black "Bezler, Rainer"]
[Result "0-1"]
[WhiteElo "2043"]
[BlackElo "2207"]
[PlyCount "72"]
[EventDate "2018.10.12"]
[EventType "team"]
[EventRounds "11"]
[EventCountry "AUT"]
[WhiteTeam "Sparkasse Neumarkt"]
[BlackTeam "Bregenz"]

1. e4 c5 2. Nf3 d6 3. d4 cxd4 4. Nxd4 Nf6 5. Nc3 a6 6. Bg5 e6 7. f4 Be7 8. Qf3
Qc7 9. O-O-O Nbd7 10. Bd3 h6 11. Bh4 g5 12. fxg5 Ne5 13. Qe2 Nfg4 14. h3 hxg5
15. Bg3 Nf6 16. Nf3 Nh5 17. Bh2 Bd7 18. Qe3 f6 19. Kb1 O-O-O 20. Be2 Rdg8 21.
Nxe5 fxe5 22. g3 Rg7 23. Bg1 Nf6 24. Bf2 Rgh7 25. h4 gxh4 26. gxh4 Be8 27. Qh3
Bd7 28. Qe3 Nh5 29. Rh2 Nf4 30. Rdh1 d5 31. exd5 exd5 32. Qa7 d4 33. Ne4 Nxe2
34. c3 Bf5 35. Ka1 Bxe4 36. cxd4 Bxh1  0-1

[Event "2. Bundesliga West 2018/19"]
[Site "Hotel Servus Europa"]
[Date "2019.03.08"]
[Round "9"]
[Board "6"]
[White "Poettinger, Harald"]
[Black "Bruckner, Simon"]
[Result "1-0"]
[WhiteElo "2165"]
[BlackElo "1729"]
[PlyCount "107"]
[EventDate "2018.10.12"]
[EventType "team"]
[EventRounds "11"]
[EventCountry "AUT"]
[WhiteTeam "Bregenz"]
[BlackTeam "Sparkasse Neumarkt"]

1. d4 d5 2. Bf4 Nf6 3. e3 e6 4. Nf3 Bd6 5. Bg3 O-O 6. Nbd2 Re8 7. Bd3 Nbd7 8.
Ne5 Nf8 9. O-O N6d7 10. f4 f6 11. Nxd7 Bxd7 12. e4 c5 13. e5 Be7 14. dxc5 Bxc5+
15. Bf2 Bxf2+ 16. Rxf2 Ng6 17. Qh5 f5 18. g4 Qh4 19. Qxh4 Nxh4 20. gxf5 Nxf5
21. Bxf5 exf5 22. Nf3 Rac8 23. Rd1 Bc6 24. Nd4 g6 25. Rd3 Re7 26. h4 Bd7 27. c3
Rf7 28. Rg2 Be6 29. a3 a6 30. Kf2 Rc4 31. Ke3 Bd7 32. Kd2 Rc8 33. Kc2 Ba4+ 34.
b3 Bd7 35. Kb2 b5 36. Nc2 a5 37. Rgd2 Be6 38. Ne3 Rd7 39. Rd4 Rcd8 40. a4 bxa4
41. Rxa4 Rb8 42. Nc2 Ra7 43. Ra3 Kg7 44. Rg2 Rc8 45. Rg3 Kh6 46. Nd4 Bd7 47.
Ra1 a4 48. h5 Rca8 49. hxg6 hxg6 50. e6 Bc8 51. Nxf5+ Kh7 52. Rh1+ Kg8 53.
Rxg6+ Kf8 54. Rh8#  1-0

[Event "2. Bundesliga West 2018/19"]
[Site "Hotel Servus Europa"]
[Date "2019.03.08"]
[Round "9"]
[Board "1"]
[White "Riediger, Martin"]
[Black "Froewis, Georg"]
[Result "0-1"]
[WhiteElo "2276"]
[BlackElo "2419"]
[PlyCount "60"]
[EventDate "2018.10.12"]
[EventType "team"]
[EventRounds "11"]
[EventCountry "AUT"]
[WhiteTeam "Ranshofen"]
[BlackTeam "Hohenems II"]

1. e4 e6 2. d4 d5 3. Nc3 Bb4 4. e5 c5 5. a3 Bxc3+ 6. bxc3 Ne7 7. a4 Qa5 8. Qd2
b6 9. Nf3 Ba6 10. c4 Qxd2+ 11. Bxd2 dxc4 12. dxc5 bxc5 13. Bg5 Nbc6 14. Be3 Nb4
15. Rc1 Rc8 16. Nd2 Ned5 17. Bxc4 Nxe3 18. fxe3 Bb7 19. c3 Nc6 20. Nf3 Ke7 21.
O-O Na5 22. Be2 h6 23. Rfd1 Bd5 24. c4 Bc6 25. Rd3 Rhd8 26. Nd2 Rxd3 27. Bxd3
Rb8 28. Rc3 Rb4 29. Bc2 Rb2 30. Kf1 Ra2  0-1

[Event "2. Bundesliga West 2018/19"]
[Site "Hotel Servus Europa"]
[Date "2019.03.08"]
[Round "9"]
[Board "2"]
[White "Berchtenbreiter, Maximilian"]
[Black "Ager, Josef"]
[Result "1-0"]
[WhiteElo "2426"]
[BlackElo "2174"]
[PlyCount "87"]
[EventDate "2018.10.12"]
[EventType "team"]
[EventRounds "11"]
[EventCountry "AUT"]
[WhiteTeam "Hohenems II"]
[BlackTeam "Ranshofen"]

1. e4 e5 2. Nf3 Nc6 3. Bc4 Bc5 4. c3 Nf6 5. d3 d6 6. Bb3 a6 7. Nbd2 O-O 8. Qe2
Ne7 9. d4 exd4 10. cxd4 Ba7 11. e5 Nfd5 12. O-O Bf5 13. Ne4 Qd7 14. Re1 Rae8
15. Bg5 Be6 16. Rad1 Ng6 17. Qd2 f5 18. exf6 Nxf6 19. Bxe6+ Rxe6 20. Bxf6 gxf6
21. d5 Re7 22. Nd4 Bxd4 23. Qxd4 Re5 24. g3 Kg7 25. f4 Rh5 26. Rc1 Ne7 27. Ng5
Rc8 28. Re6 Ng8 29. Ne4 Rf5 30. Rf1 Qb5 31. Nc3 Qxb2 32. Rb1 Qc2 33. Re2 Rxd5
34. Qxd5 Qxc3 35. Rxb7 Rf8 36. Qxd6 Rf7 37. Qb4 Qc6 38. Rb8 Nh6 39. Qe4 Qc5+
40. Qe3 Qd6 41. Qe6 Qd3 42. Rb3 Qd4+ 43. Kg2 Rd7 44. Rbe3  1-0

[Event "2. Bundesliga West 2018/19"]
[Site "Hotel Servus Europa"]
[Date "2019.03.08"]
[Round "9"]
[Board "3"]
[White "Kuecher, Wolfgang"]
[Black "Novkovic, Milan"]
[Result "1/2-1/2"]
[WhiteElo "2124"]
[BlackElo "2359"]
[PlyCount "73"]
[EventDate "2018.10.12"]
[EventType "team"]
[EventRounds "11"]
[EventCountry "AUT"]
[WhiteTeam "Ranshofen"]
[BlackTeam "Hohenems II"]

1. c4 e6 2. Nf3 d5 3. g3 c6 4. Bg2 Nf6 5. b3 a5 6. O-O a4 7. Bb2 Be7 8. d3 O-O
9. Nbd2 a3 10. Bc3 c5 11. e3 Nc6 12. d4 b6 13. Ne5 Bb7 14. Rc1 Rc8 15. Nxc6
Bxc6 16. Qe2 Bb7 17. Rfd1 Qc7 18. dxc5 bxc5 19. Nb1 dxc4 20. Bxb7 Qxb7 21. Bxf6
Bxf6 22. Rxc4 Bb2 23. Nc3 Bxc3 24. Rxc3 h6 25. Rdc1 Qb6 26. Rc4 Rfd8 27. b4 Qa6
28. Qc2 Rb8 29. bxc5 Rb2 30. Qa4 Qxa4 31. Rxa4 Rdd2 32. c6 Rxf2 33. c7 Rg2+ 34.
Kf1 Rbf2+ 35. Ke1 Re2+ 36. Kf1 Ref2+ 37. Ke1  1/2-1/2

[Event "2. Bundesliga West 2018/19"]
[Site "Hotel Servus Europa"]
[Date "2019.03.08"]
[Round "9"]
[Board "4"]
[White "Atlas, Dmitry"]
[Black "Stadler, Alexander"]
[Result "1/2-1/2"]
[WhiteElo "2184"]
[BlackElo "2114"]
[PlyCount "180"]
[EventDate "2018.10.12"]
[EventType "team"]
[EventRounds "11"]
[EventCountry "AUT"]
[WhiteTeam "Hohenems II"]
[BlackTeam "Ranshofen"]

1. e4 e5 2. Bc4 Nf6 3. d3 c6 4. Nf3 Be7 5. O-O d6 6. Bb3 h6 7. Nc3 Nbd7 8. d4
b5 9. a3 Qc7 10. Re1 Bb7 11. d5 a6 12. dxc6 Bxc6 13. Nd5 Nxd5 14. Bxd5 Nf6 15.
Bxc6+ Qxc6 16. Qe2 Rc8 17. c3 Nd7 18. Bd2 O-O 19. Rad1 Qc4 20. Bc1 Rc6 21. Nd2
Qxe2 22. Rxe2 Bg5 23. Nf1 Bxc1 24. Rxc1 Nb6 25. Ne3 f6 26. Rd1 Kf7 27. h4 h5
28. f3 Nc4 29. Nd5 a5 30. Kf2 Rb8 31. g3 a4 32. f4 Rg8 33. Rd3 exf4 34. gxf4 g5
35. hxg5 fxg5 36. Rh3 gxf4 37. Rxh5 Rg4 38. Rf5+ Ke6 39. Nxf4+ Kd7 40. Nh5 Rh4
41. Kg3 Rh1 42. Rxb5 Ne5 43. Rb7+ Kc8 44. Rh7 Rb6 45. Rf2 Rg1+ 46. Kh3 Rg8 47.
Nf6 Rg1 48. Nd5 Rh1+ 49. Kg2 Rxh7 50. Nxb6+ Kb7 51. Nxa4 Kc6 52. Rf8 Ra7 53. b3
Rb7 54. b4 Ra7 55. Nb2 Rxa3 56. Nd1 Ra2+ 57. Rf2 Ra1 58. Ne3 Re1 59. Nc2 Rxe4
60. Nd4+ Kd5 61. Re2 Rg4+ 62. Kh3 Rg8 63. Nf5 Ke6 64. Nd4+ Kd5 65. Nf5 Rg5 66.
Ne3+ Ke4 67. Ng4+ Kd3 68. Re3+ Kd2 69. Re4 Kd3 70. Re3+ Kd2 71. Re4 Nd3 72. c4
Kc3 73. b5 Nc5 74. Rf4 Ne6 75. Re4 Rg6 76. Kh4 Ng5 77. Rf4 Rg8 78. Nf6 Rg6 79.
Kh5 Rg7 80. Nd5+ Kd3 81. Rg4 Ne6 82. Rxg7 Nxg7+ 83. Kg6 Ne6 84. Kf6 Nc5 85. Nb6
Kd4 86. Ke7 Nb7 87. Kd7 Kc5 88. Kc7 Na5 89. Nd7+ Kxc4 90. Kxd6 Kxb5  1/2-1/2

[Event "2. Bundesliga West 2018/19"]
[Site "Hotel Servus Europa"]
[Date "2019.03.08"]
[Round "9"]
[Board "5"]
[White "Schwarzmeier, Klaus"]
[Black "Novkovic, Julia"]
[Result "1-0"]
[WhiteElo "2187"]
[BlackElo "2143"]
[PlyCount "109"]
[EventDate "2018.10.12"]
[EventType "team"]
[EventRounds "11"]
[EventCountry "AUT"]
[WhiteTeam "Ranshofen"]
[BlackTeam "Hohenems II"]

1. c4 g6 2. g3 Bg7 3. Bg2 e5 4. Nc3 Nc6 5. Nf3 d6 6. Rb1 f5 7. d3 h6 8. Nd2 Be6
9. b4 Qd7 10. b5 Nd8 11. Qb3 Ne7 12. a4 O-O 13. O-O f4 14. Bb2 Nf5 15. Nce4 g5
16. Qc2 c5 17. Rfe1 Nf7 18. e3 Rac8 19. Kh1 Nh8 20. Nb3 Ng6 21. Na5 f3 22. Bxf3
Nxg3+ 23. hxg3 Rxf3 24. Nb3 Rcf8 25. Nbd2 Bg4 26. Nf1 Bf5 27. Kg1 Bxe4 28. dxe4
Rxf2 29. Re2 R2f3 30. Rd1 Qh3 31. Rg2 R8f6 32. Qd2 Ne7 33. Qa5 Qh5 34. Qd8+ Bf8
35. Re1 Qf7 36. Nh2 h5 37. Nxf3 Rxf3 38. Qxd6 Ng6 39. Qd5 Kh7 40. Qxf7+ Rxf7
41. Rd2 h4 42. Rf1 Re7 43. Kg2 g4 44. gxh4 Bh6 45. h5 Nh4+ 46. Kg3 Nf3 47. Rd3
Ng5 48. Kxg4 Nxe4 49. Rf5 b6 50. Rd8 Rg7+ 51. Kf3 Ng5+ 52. Ke2 Nh3 53. Bxe5
Rg2+ 54. Kd3 Nf2+ 55. Rxf2  1-0

[Event "2. Bundesliga West 2018/19"]
[Site "Hotel Servus Europa"]
[Date "2019.03.08"]
[Round "9"]
[Board "6"]
[White "Engelhart, Achim"]
[Black "Spiesberger, Gerhard"]
[Result "1-0"]
[WhiteElo "2126"]
[BlackElo "2076"]
[PlyCount "77"]
[EventDate "2018.10.12"]
[EventType "team"]
[EventRounds "11"]
[EventCountry "AUT"]
[WhiteTeam "Hohenems II"]
[BlackTeam "Ranshofen"]

1. e4 d6 2. d4 e5 3. Nf3 Nc6 4. Bb5 Bd7 5. Nc3 Nf6 6. Bxc6 Bxc6 7. Qd3 exd4 8.
Nxd4 Be7 9. Nxc6 bxc6 10. Bg5 O-O 11. O-O Nd7 12. Bxe7 Qxe7 13. f4 Rab8 14. b3
Nc5 15. Qf3 f5 16. Rae1 fxe4 17. Nxe4 d5 18. Ng5 Qd6 19. Qg4 Rbe8 20. Rxe8 Rxe8
21. Qh5 Qg6 22. Qxg6 hxg6 23. Kf2 Ne4+ 24. Nxe4 Rxe4 25. g3 Kf7 26. Re1 Rb4 27.
Re5 Rb8 28. Ke3 a5 29. Kd4 a4 30. Kc5 axb3 31. cxb3 Rb6 32. Re2 Kf8 33. Re3 Kf7
34. a4 Kf6 35. b4 Rb8 36. h4 Kf7 37. Rb3 Ke6 38. Kxc6 Kf5 39. Kxd5  1-0

[Event "2. Bundesliga West 2018/19"]
[Site "Hotel Servus Europa"]
[Date "2019.03.09"]
[Round "10"]
[Board "1"]
[White "Bilchinski, Anton"]
[Black "Riediger, Martin"]
[Result "1-0"]
[WhiteElo "2301"]
[BlackElo "2276"]
[PlyCount "71"]
[EventDate "2018.10.12"]
[EventType "team"]
[EventRounds "11"]
[EventCountry "AUT"]
[WhiteTeam "Pradl"]
[BlackTeam "Ranshofen"]

1. d4 d6 2. Nf3 Bg4 3. g3 Bxf3 4. exf3 d5 5. Bg2 e6 6. O-O c6 7. f4 g6 8. Nd2
Bg7 9. c3 Nd7 10. Nf3 Ne7 11. Re1 O-O 12. Ne5 Nf5 13. a4 Rc8 14. b4 Nd6 15. Bf1
a6 16. Bd3 b5 17. h4 Nf6 18. f3 Nh5 19. g4 Nf6 20. h5 Nd7 21. hxg6 hxg6 22. Ra2
Nc4 23. a5 Ncxe5 24. fxe5 f5 25. exf6 Qxf6 26. f4 Rfe8 27. g5 Qf7 28. Be3 Nf8
29. Rh2 Qc7 30. Qc2 Qf7 31. Kg2 Rc7 32. Reh1 Rce7 33. Rh3 e5 34. dxe5 Qe6 35.
Rh4 Rf7 36. R1h3  1-0

[Event "2. Bundesliga West 2018/19"]
[Site "Hotel Servus Europa"]
[Date "2019.03.09"]
[Round "10"]
[Board "2"]
[White "Ager, Josef"]
[Black "Eybl, Alexander"]
[Result "1/2-1/2"]
[WhiteElo "2174"]
[BlackElo "2289"]
[PlyCount "64"]
[EventDate "2018.10.12"]
[EventType "team"]
[EventRounds "11"]
[EventCountry "AUT"]
[WhiteTeam "Ranshofen"]
[BlackTeam "Pradl"]

1. Nf3 d5 2. g3 e6 3. Bg2 Nf6 4. O-O Nbd7 5. d4 Be7 6. c4 O-O 7. Qc2 c6 8. Nbd2
b6 9. Rd1 Bb7 10. e4 dxc4 11. Nxc4 c5 12. Nfe5 cxd4 13. Rxd4 Qc8 14. Nxd7 Nxd7
15. Qd1 Rd8 16. Bf4 e5 17. Nxe5 Nc5 18. Rxd8+ Qxd8 19. f3 Bf6 20. Nc4 Ba6 21.
Bf1 Bxc4 22. Bxc4 Bxb2 23. Rb1 Bd4+ 24. Kg2 Qf6 25. Qe2 g5 26. Bd2 h6 27. Rf1
Re8 28. Bd5 Ne6 29. f4 gxf4 30. Bxf4 Qg6 31. Qd2 Bg7 32. Be3 Rc8  1/2-1/2

[Event "2. Bundesliga West 2018/19"]
[Site "Hotel Servus Europa"]
[Date "2019.03.09"]
[Round "10"]
[Board "3"]
[White "Wohlfahrt, Herbert"]
[Black "Stadler, Alexander"]
[Result "1-0"]
[WhiteElo "2262"]
[BlackElo "2114"]
[PlyCount "63"]
[EventDate "2018.10.12"]
[EventType "team"]
[EventRounds "11"]
[EventCountry "AUT"]
[WhiteTeam "Pradl"]
[BlackTeam "Ranshofen"]

1. d4 d5 2. c4 dxc4 3. Nf3 a6 4. e3 b5 5. a4 Bb7 6. b3 e6 7. axb5 axb5 8. Rxa8
Bxa8 9. bxc4 bxc4 10. Bxc4 Nf6 11. O-O Be7 12. Qa4+ Bc6 13. Bb5 Bxb5 14. Qxb5+
c6 15. Qb7 O-O 16. Ne5 c5 17. Ba3 Nfd7 18. Nxd7 Qxd7 19. Qxd7 Nxd7 20. Rc1 Rc8
21. Nd2 Kf8 22. dxc5 Ke8 23. Kf1 Kd8 24. Nb3 Kc7 25. Nd4 Kd8 26. Nb3 Kc7 27.
Bb4 Kc6 28. Nd4+ Kd5 29. Rd1 Bxc5 30. Nf3+ Ke4 31. Rxd7 Bxb4 32. Rd4+  1-0

[Event "2. Bundesliga West 2018/19"]
[Site "Hotel Servus Europa"]
[Date "2019.03.09"]
[Round "10"]
[Board "4"]
[White "Schwarzmeier, Klaus"]
[Black "Meier, Alexander"]
[Result "1-0"]
[WhiteElo "2187"]
[BlackElo "2232"]
[PlyCount "121"]
[EventDate "2018.10.12"]
[EventType "team"]
[EventRounds "11"]
[EventCountry "AUT"]
[WhiteTeam "Ranshofen"]
[BlackTeam "Pradl"]

1. c4 e5 2. g3 d6 3. Bg2 f5 4. Nc3 Nf6 5. Nf3 Be7 6. d4 e4 7. Ng5 c6 8. O-O h6
9. Nh3 Be6 10. d5 Bf7 11. f3 Qa5 12. fxe4 fxe4 13. dxc6 Qc5+ 14. Nf2 bxc6 15.
Ncxe4 Nxe4 16. Bxe4 Qxc4 17. b3 Qe6 18. Qc2 O-O 19. Bh7+ Kh8 20. Bf5 Qe5 21.
Bb2 Qe3 22. Rad1 d5 23. Rd3 Qb6 24. Kg2 c5 25. Rf3 Nc6 26. Qd2 Bg5 27. Qc2 d4
28. Nh3 Nb4 29. Qb1 Be7 30. Be4 Bd5 31. Nf4 Rxf4 32. Rxf4 Qc6 33. a3 Bxe4+ 34.
Qxe4 Nd5 35. Kg1 Rd8 36. R4f3 Qd6 37. Bc1 Nc3 38. Qd3 Qe6 39. e3 Ne4 40. exd4
Rxd4 41. Qb5 Bf6 42. Be3 Rd8 43. Qc4 Qe7 44. Qc2 Qe6 45. Rd1 Re8 46. h4 Nc3 47.
Rdf1 Ne4 48. Kh2 Rd8 49. Rd1 Re8 50. Bf2 Nxf2 51. Rxf2 Bd4 52. Rg2 Qe3 53. Rdd2
Rf8 54. Rde2 Qf3 55. Qg6 Qxb3 56. Re8 Rxe8 57. Qxe8+ Kh7 58. Qe4+ Kg8 59. Re2
Qc4 60. h5 a5 61. Qe8+  1-0

[Event "2. Bundesliga West 2018/19"]
[Site "Hotel Servus Europa"]
[Date "2019.03.09"]
[Round "10"]
[Board "5"]
[White "Doskocil, Klaus"]
[Black "Spiesberger, Gerhard"]
[Result "1-0"]
[WhiteElo "2190"]
[BlackElo "2076"]
[PlyCount "53"]
[EventDate "2018.10.12"]
[EventType "team"]
[EventRounds "11"]
[EventCountry "AUT"]
[WhiteTeam "Pradl"]
[BlackTeam "Ranshofen"]

1. d4 d6 2. e4 e5 3. Nc3 Be7 4. Nge2 Bf6 5. Be3 exd4 6. Nxd4 Nc6 7. Be2 Nge7 8.
O-O O-O 9. f4 Bd7 10. Nf3 Re8 11. Qd2 Ng6 12. Bd3 Nf8 13. Rfd1 Bg4 14. Qf2 Bxf3
15. Qxf3 Bd4 16. Bxd4 Nxd4 17. Qf2 Nde6 18. e5 f6 19. Bc4 Kh8 20. f5 Ng5 21. h4
Rxe5 22. hxg5 fxg5 23. f6 g6 24. Qd4 h6 25. Re1 Nd7 26. f7 Qf8 27. Be6  1-0

[Event "2. Bundesliga West 2018/19"]
[Site "Hotel Servus Europa"]
[Date "2019.03.09"]
[Round "10"]
[Board "6"]
[White "Doppelhammer, Herbert"]
[Black "Everett, Elijah"]
[Result "1/2-1/2"]
[WhiteElo "1983"]
[BlackElo "2232"]
[PlyCount "51"]
[EventDate "2018.10.12"]
[EventType "team"]
[EventRounds "11"]
[EventCountry "AUT"]
[WhiteTeam "Ranshofen"]
[BlackTeam "Pradl"]

1. d4 Nf6 2. Nc3 d5 3. Bf4 g6 4. e3 Bg7 5. Be2 O-O 6. Nf3 c5 7. dxc5 Nbd7 8.
O-O Nxc5 9. Be5 b6 10. Bxf6 Bxf6 11. Qxd5 Bb7 12. Qxd8 Rfxd8 13. Rfd1 Ne4 14.
Rxd8+ Rxd8 15. Rd1 Rc8 16. Nxe4 Bxe4 17. c3 e6 18. Nd2 Bc2 19. Rc1 Ba4 20. Ne4
Be7 21. Kf1 f5 22. Nd2 Kf7 23. Bd1 Bb5+ 24. Be2 Ba4 25. Bd1 Bb5+ 26. Be2
 1/2-1/2

[Event "2. Bundesliga West 2018/19"]
[Site "Hotel Servus Europa"]
[Date "2019.03.09"]
[Round "10"]
[Board "1"]
[White "Moroder, Stefan"]
[Black "Hertneck, Gerald"]
[Result "0-1"]
[WhiteElo "2158"]
[BlackElo "2487"]
[PlyCount "74"]
[EventDate "2018.10.12"]
[EventType "team"]
[EventRounds "11"]
[EventCountry "AUT"]
[WhiteTeam "Rochade Rum"]
[BlackTeam "Sparkasse Neumarkt"]

1. e4 e6 2. d4 d5 3. Nc3 Nc6 4. e5 Bd7 5. f4 h5 6. a3 Nge7 7. Nf3 Nf5 8. g3 a6
9. Bh3 Nce7 10. O-O b6 11. Ne2 c5 12. c3 g6 13. b4 Bb5 14. bxc5 bxc5 15. a4 Bc4
16. Rf2 Nc6 17. Bxf5 gxf5 18. Ba3 Qa5 19. Bxc5 Bxc5 20. dxc5 Bxe2 21. Rxe2 Qxc3
22. Kg2 d4 23. Rc1 Qb4 24. Qd3 Qxa4 25. Rc4 Qb5 26. Nxd4 Nxd4 27. Rxd4 Qxc5 28.
Rd2 Qc6+ 29. Kh3 O-O 30. Qa3 Rfe8 31. Kh4 Kg7 32. Rd7 Kg6 33. h3 a5 34. R7d6
Qb7 35. Rd7 Qb4 36. Qf3 Rh8 37. Rd8 Qe7#  0-1

[Event "2. Bundesliga West 2018/19"]
[Site "Hotel Servus Europa"]
[Date "2019.03.09"]
[Round "10"]
[Board "2"]
[White "Barseghyan, Harutyun"]
[Black "Jedinger, Andreas"]
[Result "1/2-1/2"]
[WhiteElo "2466"]
[BlackElo "2108"]
[PlyCount "48"]
[EventDate "2018.10.12"]
[EventType "team"]
[EventRounds "11"]
[EventCountry "AUT"]
[WhiteTeam "Sparkasse Neumarkt"]
[BlackTeam "Rochade Rum"]

1. d4 Nf6 2. c4 g6 3. Nc3 d5 4. Bf4 Bg7 5. e3 O-O 6. Rc1 Be6 7. Nf3 dxc4 8. Ng5
Bd5 9. e4 h6 10. exd5 hxg5 11. Bxg5 Nxd5 12. Bxc4 Nb6 13. Bb3 Nc6 14. Ne2 Nd5
15. h4 Qd6 16. h5 Rad8 17. Qd3 Nxd4 18. Nxd4 Qe5+ 19. Be3 Nf4 20. Qb5 Nxg2+ 21.
Ke2 Qe4 22. Qg5 Rxd4 23. hxg6 Qd3+ 24. Kf3 Qe4+  1/2-1/2

[Event "2. Bundesliga West 2018/19"]
[Site "Hotel Servus Europa"]
[Date "2019.03.09"]
[Round "10"]
[Board "3"]
[White "Berchtold, Clemens"]
[Black "Manakov, Ilya"]
[Result "1/2-1/2"]
[WhiteElo "2024"]
[BlackElo "2361"]
[PlyCount "67"]
[EventDate "2018.10.12"]
[EventType "team"]
[EventRounds "11"]
[EventCountry "AUT"]
[WhiteTeam "Rochade Rum"]
[BlackTeam "Sparkasse Neumarkt"]

1. d4 Nf6 2. c4 g6 3. Nc3 Bg7 4. e4 d6 5. Be2 O-O 6. Nf3 Nbd7 7. O-O e5 8. Re1
Re8 9. Bf1 c6 10. d5 Bf8 11. Rb1 c5 12. a3 Nh5 13. Nd2 Ng7 14. b4 f5 15. f3 f4
16. Nb3 Nf6 17. Bd2 g5 18. bxc5 dxc5 19. Nb5 g4 20. Re2 h5 21. Ba5 b6 22. Be1
a6 23. Nc3 Nh7 24. Reb2 Bd6 25. Nc1 Rb8 26. Na4 Bc7 27. Nxc5 gxf3 28. gxf3 Bd6
29. N1d3 Kh8 30. Kh1 Rg8 31. Na4 Qg5 32. Rg2 Qd8 33. Rgb2 Qg5 34. Rg2  1/2-1/2